Piłka nożna - prawda czy fałsz #2 - Statystyki

Ogólne statystyki
  • Ten quiz został rozwiązany 67 razy
  • Średni wynik to 10 z 15
Statystyki odpowiedzi
Zagadnienie Odpowiedź % Poprawnych
Thomas Muller ma na koncie więcej występów dla Bayernu Monachium niż Gerd Muller. prawda
89%
Eden Hazard zakończył piłkarską karierę. prawda
87%
Jerzy Dudek grał w AC Milan. fałsz
85%
Carlo Ancelotti trenował kiedyś Cristiano Ronaldo. prawda
82%
Aktualnym zwycięzcą Ligi Narodów UEFA (2025) jest Portugalia. prawda
81%
Pierwsze rozgrywki Ligi Konferencji Europy wystartowały przed 2020 r. fałsz
76%
Jan Oblak wygrał Ligę Europy. prawda
76%
Harry Kane został kiedyś królem strzelców na Mistrzostwach Świata. prawda
73%
Alessandro Del Piero wygrał Złotą Piłkę fałsz
68%
Wszystkie czołowe kluby Eredivisie (Ajax Amsterdam, Feyenoord Rotterdam i PSV Eindhoven) wygrały Ligę Mistrzów chociaż jeden raz. prawda
63%
Lamine Yamal był najlepszym zawodnikiem FC Barcelony w sezonie 24/25 biorąc pod uwagę klasyfikację kanadyjską (gole+asysty). fałsz
58%
Ronaldo Nazario zdobył Ligę Mistrzów. fałsz
53%
Romelu Lukaku występował w jednym zespole z Samuelem Eto'o. prawda
50%
Edinson Cavani jest najlepszym strzelcem w historii reprezentacji Urugwaju. fałsz
47%
Robert Lewandowski jest najlepszym asystentem w historii reprezentacji Polski. prawda
37%
Nie znaleziono quizów pasujących do podanych kryteriów
Rozkład punktacji
Procent ludzi z każdym wynikiem
Percentyl według liczby udzielonych odpowiedzi
Twoja historia wyników
Nie rozwiązałeś tego quizu